| 000 | 00370nam a2200145Ia 4500 | ||
|---|---|---|---|
| 008 | 230917s9999||||xx |||||||||||||| ||und|| | ||
| 040 |
_e185399 _aMAIN |
||
| 041 | _aEnglish | ||
| 082 | _a342.5409 V668S | ||
| 100 | _aVidyalankar, Satyaketu | ||
| 245 | 0 | _aSwatantra Bharat ka sanvidhan | |
| 260 |
_aNew Delhi _bSaraswati Sadan _c1975 |
||
| 300 | _a383 p. | ||
| 942 | _cBK | ||
| 999 |
_c144215 _d144215 |
||